Food process engineering /

Guardado en:
Autor Principal: Heldman, Dennis R.
Formato: Libro
Idioma:English
Publicado: Westport, Conn. : Avi Pub. Co., 1975.
Materias:
Etiquetas: Agregar Etiqueta
Sin Etiquetas, Sea el primero en etiquetar este registro!
LEADER 00737nam a22002295a 4500
001 EIQ.libpla002744
008 750507s1975####ctua#####b####001#0#eng#d
005 20070813145206.0
245 1 0 |a Food process engineering /  |c by Dennis R. Heldman. 
260 |a Westport, Conn. :  |b Avi Pub. Co.,  |c 1975. 
300 |a xiii, 401 p. :  |b il. ;  |c 24 cm. 
504 |a Incluye referencias bibliográficas e índice. 
020 |a 0870551744 
100 1 |a Heldman, Dennis R. 
082 0 0 |a 664 
650 4 |a Alimento  |x Procesamiento. 
650 4 |a Alimento  |x Industria y comercio. 
650 4 |a Food  |x Industry and trade. 
650 4 |a Food  |x Processing. 
010 |a  74032641  
040 |a DLC  |c DLC  |d AR-BbSID 
859 |a AR-BbSID  |b BIB. PLAPIQUI  |h 664  |i H 367  |p 1119